• 首页
  • 本馆介绍
  • 公告通知
  • 最新文献
  • 馆藏检索
  • 电子资源
  • 读者导购
  • 参考咨询
  • 我的图书馆
  • 登录
  • 详细信息显示
  • 放入我的书架
  • 预约/预借图书
  • 作者相关作品
  • 分类相关作品
  • 丛书相关作品
  • 出版社相关作品

书目信息

  • 表格格式
  • 工作单格式
  • 卡片格式
题名:
诺贝尔科学奖
    
 
作者: 林道君 编著
分册:  
出版信息: 广州   科学普及出版社广州分社  1981
页数: 114页
开本: 19cm
丛书名:
单 册:
中图分类: N091 , N19
科图分类:
主题词: 诺贝尔奖金-自然科学史 , 自然科学史-诺贝尔奖金 , 自然科学--现状 , 自然科学--概况
电子资源:
ISBN:
000 00729nam0 2200277 45
001 0181007466
005 20060813101817.40
010    @dCNY0.35
091    @a13051.60041
100    @a19950518d1981 em y0chiy0121 ea
101 0  @achi
102    @aCN@b440000
105    @af z 000yy
200 10 @a诺贝尔科学奖@Anuo bei er ke xue jiang@f林道君编著
210    @a广州@c科学普及出版社广州分社@d1981
215    @a114页@c图@d19cm
606    @a诺贝尔奖金-自然科学史
606    @a自然科学史-诺贝尔奖金
606 0  @a自然科学@x现状
606 0  @a自然科学@x概况
690    @aN091@v3 
690    @aN19@v3
701  0 @a林道君@Alin dao jun@4编著
801  2 @aCN@bNLC@c20060813
801  0 @aCN@bTSSF
905    @a10447@dN19@e61
    
    诺贝尔科学奖/林道君编著.-广州:科学普及出版社广州分社,1981
    114页:图;19cm
    
    
    ISBN :CNY0.35
    
●
相关链接 在E读中查询图书 在五车中查询图书 在当当中查询图书 在豆瓣中查询图书


正题名:诺贝尔科学奖     索取号:N19/61         预约/预借

序号 登录号 条形码 馆藏地/架位号 状态 备注
1 0452526   204525264   密集书库/ [索取号:N19/61] 在馆    
2 0452527   204525273   密集书库/ [索取号:N19/61] 在馆    
唐山师范学院图书馆 欢迎您!
大连网信软件有限公司© 版权所有